ბათუმის შოთა რუსთაველის სახელმწიფო უნივერსიტეტის ბიბლიოთეკა

მენეჯმენტის საფუძვლები (ბიბ.ჩანაწერი № 34946)

000 -LEADER
fixed length control field 00738nam a2200229Ia 4500
001 - CONTROL NUMBER
control field 775
003 - CONTROL NUMBER IDENTIFIER
control field GE_BSU
008 - FIXED-LENGTH DATA ELEMENTS--GENERAL INFORMATION
fixed length control field 181216s||||||||xx |||||||||||||| ||und||
020 ## - INTERNATIONAL STANDARD BOOK NUMBER
International Standard Book Number 9789941913372
040 ## - CATALOGING SOURCE
Transcribing agency GE_BSU
080 ## - UNIVERSAL DECIMAL CLASSIFICATION NUMBER
Universal Decimal Classification number 005(075.8)
100 ## - MAIN ENTRY--PERSONAL NAME
Personal name ბარათაშვილი,ევგენი;თაკალანძე, ლარისა
245 ## - TITLE STATEMENT
Title მენეჯმენტის საფუძვლები
245 ## - TITLE STATEMENT
Statement of responsibility, etc. რედ.გია ბერულავა
260 ## - PUBLICATION, DISTRIBUTION, ETC.
Place of publication, distribution, etc. თბილისი
260 ## - PUBLICATION, DISTRIBUTION, ETC.
Date of publication, distribution, etc. 2010
300 ## - PHYSICAL DESCRIPTION
Extent 495გვ.
653 ## - INDEX TERM--UNCONTROLLED
Uncontrolled term მენეჯმენტი
653 ## - INDEX TERM--UNCONTROLLED
Uncontrolled term მენეჯმენტის საფუძვლები
942 ## - ADDED ENTRY ELEMENTS (KOHA)
Koha item type წიგნი
ეგზემპლარები
Withdrawn status Lost status Damaged status Not for loan Date acquired Barcode Date last seen Price effective from Koha item type
        2018-12-17 1052 2018-12-17 2018-12-17 წიგნი